000 00828nam a2200217Ia 4500
005 20241129111126.0
008 241129s9999||||xx |||||||||||||| ||und||
020 _a978-93-91512-13-2
037 _aTB
040 _aCRL
_bhin
_cCRL
041 _ahin
_2hin
084 _aV25242.C 152R2
_qCRL
100 _aराजपूत, रामकृष्ण, ले.
245 0 _aकालजयी कम्पिल: 13वें तीर्थकर विमलनाथ
_cराजपूत, रामकृष्ण, ले.
260 _aनई दिल्ली, भारत
_bक्रिसेन्ट पब्लिशिंग कॉरपोरेशन
_c2022
300 _a591पृ0
365 _aINR
_b1595
650 _a History
942 _cTB
_hV25242.C 152R2
999 _c1229047
_d1229047